[Event "Seville Mercantil op 2nd"]
[Site "Seville"]
[Date "2006.01.25"]
[Round "6"]
[White "Perez Garcia, Roberto"]
[Black "Cilleros Rodriguez, Manuel"]
[Result "1-0"]
[WhiteElo "2180"]
[BlackElo "1850"]
[PlyCount "49"]
[EventDate "2006.01.20"]
[EventType "swiss"]
[EventRounds "9"]
[EventCountry "ESP"]
[SourceTitle "CBM 110 Extra"]
[Source "ChessBase"]
[SourceDate "2006.03.10"]
[SourceVersion "2"]
[SourceVersionDate "2006.03.10"]
[SourceQuality "1"]

1. e4 c5 2. Nf3 a6 3. c3 d5 4. exd5 Qxd5 5. d4 e6 6. Be3 Nd7 7. c4 Qc6 8. d5 exd5 9. cxd5 Qc7 10. g3 Ngf6 11. Bg2 Bd6 12. 0-0 0-0 13. a4 Ne5 14. h3 Nxf3+ 15. Qxf3 b6 16. Nc3 Bb7 17. Rfd1 Rfe8 18. Rac1 Qd7 19. Bf4 Rad8 20. g4 h6 21. Bxh6 Be5 22. Bg5 Bxc3 23. bxc3 Bxd5 24. Rxd5 Qxd5 25. Qxd5 1-0

[Event "Seville Mercantil op 2nd"]
[Site "Seville"]
[Date "2006.01.21"]
[Round "2"]
[White "Del Rio de Angelis, Salvador Gabriel"]
[Black "Cilleros Rodriguez, Manuel"]
[Result "1-0"]
[WhiteElo "2497"]
[BlackElo "1850"]
[PlyCount "39"]
[EventDate "2006.01.20"]
[EventType "swiss"]
[EventRounds "9"]
[EventCountry "ESP"]
[SourceTitle "CBM 110 Extra"]
[Source "ChessBase"]
[SourceDate "2006.03.10"]
[SourceVersion "2"]
[SourceVersionDate "2006.03.10"]
[SourceQuality "1"]

1. e4 c5 2. Nf3 d6 3. d4 cxd4 4. Nxd4 Nf6 5. Nc3 a6 6. Bc4 e6 7. Bb3 Be7 8. g4 h6 9. Be3 Nc6 10. f3 Na5 11. Qd2 Nxb3 12. axb3 b5 13. Nc6 Qd7 14. Nxe7 Kxe7 15. 0-0-0 b4 16. Na4 Rb8 17. h4 Ne8 18. e5 Kf8 19. exd6 Nf6 20. Nc5 1-0